01175nas a2200325 4500001001300000003000900013005001700022007000300039008003400042040005400076041000900130072000800139100001900147100001700166100001500183100002200198100002200220100002300242100002100265245016300286650000900449650002300458650000900481650001200490773011700502909004000619942001800659999001900677952015300696BR2011001345BR-BrBNA20231205114512.0ta230509b bl.|||p| |||| 00| 00por d aBR-BrBNAbporcBiblioteca Nacional de Agricultura a(Pt) aL701 aAraújo, R.F.1 aRêgo, E.W.1 aLima, E.R.1 aCoelho, M.C.O..C.1 aVasconcelos, K.F.1 aBaptista, R.I.A.A.1 aNascimento, R.C.1 aTerapia floral em gatos domésticos (Felis catus, Linnaeus, 1758)portadores do complexo da doença respiratória felina - estudo clínico e hematológico aGATO aESSENCIA FLORESTAL aFLOR aTERAPIA0 tRevista Brasileira de Plantas Medicinais (Brazil)xISSN 1516-0572g(Nov 2010), v. 12(4) p. 472-481wBR2011001345 a202311bLúciac55dLúcia Elande 2AGRISn0cANA c209071d209071 002AGRIS4071a41918b41918cPeriódicos Agrícolash(Nov 2010), v. 12(4) p. 472-481l0r2023-11-29t01yCRePortaria Interministerial nº 164/94